[Event "45th Olympiad 2024"]
[Site "Budapest HUN"]
[Date "2024.09.13"]
[Round "3.24"]
[Board "3"]
[White "Escalona Landi, Samid Eduardo"]
[Black "Kantans, Toms"]
[Result "0-1"]
[WhiteElo "2305"]
[BlackElo "2486"]
[PlyCount "78"]
[EventDate "2024.09.11"]
[WhiteTeam "Venezuela"]
[BlackTeam "Latvia"]
[WhiteTeamCountry "VEN"]
[BlackTeamCountry "LAT"]

1. e4 c5 2. Nf3 d6 3. d4 cxd4 4. Nxd4 Nf6 5. Nc3 a6 6. Be3 e5 7. Nb3 Be7 8. f3 h5 9. Qd2 Be6 10. Be2 Nbd7 11. Nd5 Bxd5 12. exd5 O-O ({RR} 12... Qb8 13. a4 Bd8 14. a5 O-O 15. O-O b6 16. c3 Nc5 17. Nxc5 bxc5 18. b4 cxb4 19. cxb4 Qb7 20. Rfd1 e4 21. Rac1 exf3 22. Bxf3 Ng4 23. Bd4 Bf6 24. Bxg4 Bxd4+ 25. Qxd4 hxg4 26. Qxg4 Rac8 27. Qd4 {1-0 Vachier Lagrave,M (2721)-Nepomniachtchi,I (2767) Saint Louis Blitz 2024 (14.5)}) 13. O-O Rc8 14. Na5 Rc7 $146 ({RR} 14... Qc7 15. c4 e4 16. f4 Ng4 17. Bxg4 hxg4 18. b4 f5 19. Rac1 Bf6 {½-½ Schellmann,F (1991)-Tiarks,J (2218) 6th Bamberg Open 2024 (5.34)}) ({RR} 14... Qc7 15. c4 Bd8 16. b4 Qb8 17. Nb3 Bb6 18. Bxb6 Nxb6 19. Rfc1 Rfe8 20. Qe3 Nbd7 21. Na5 e4 22. f4 Nf8 23. h3 h4 24. a4 Ng6 25. b5 Qc7 26. Nb3 Qd7 27. Nd4 a5 28. b6 Ne7 29. Qc3 {0-1 Viers,M (2028)-Gao,E (2249) Avoine op 33rd 2018 (2)}) 15. c4 Nh7 16. b4 Bg5 17. f4 exf4 18. Bxf4 Ne5 19. Rac1 b6 20. Nc6 Nxc6 21. dxc6 Rxc6 22. Bxh5 b5 23. c5 dxc5 24. Qxd8 Bxd8 25. bxc5 Be7 26. Be3 Bg5 27. Bxg5 Nxg5 28. Rf5 Ne6 29. Bf3 Rc7 30. Kf2 Rd8 31. Ke1 g6 32. Re5 Kg7 33. c6 Nf4 34. Be2 Nxg2+ 35. Kf2 Nf4 36. Bf1 Kf6 37. Re3 Rd2+ 38. Kf3 Nd5 39. Ra3 Nb4 0-1

[Event "45th Olympiad 2024"]
[Site "Budapest HUN"]
[Date "2024.09.13"]
[Round "3.25"]
[Board "1"]
[White "Tin, Jingyao"]
[Black "Khusenkhojaev, Mustafokhuja"]
[Result "1-0"]
[WhiteElo "2580"]
[BlackElo "2283"]
[PlyCount "71"]
[EventDate "2024.09.11"]
[WhiteTeam "Singapore"]
[BlackTeam "Tajikistan"]
[WhiteTeamCountry "SIN"]
[BlackTeamCountry "TJK"]

1. e4 e5 2. Nf3 Nc6 3. Bc4 Bc5 4. d3 Nf6 5. O-O O-O 6. h3 h6 7. Nbd2 d6 8. c3 a5 9. Re1 Be6 10. Bb5 ({RR} 10. Bxe6 fxe6 11. Nf1 a4 12. Rb1 b5 13. Be3 Bxe3 14. Rxe3 Qe8 15. d4 Nd7 16. Qe2 Rb8 17. Rd1 Na5 18. b3 axb3 19. axb3 b4 20. dxe5 Nxe5 21. Nxe5 dxe5 22. Nd2 Nc6 23. Nf3 bxc3 24. Rxc3 Rb4 {1-0 Carlsen,M (2832)-Esipenko,A (2671) Titled Tue 23rd Jul Late 2024 (10)}) 10... Qb8 ({RR} 10... Ba7 11. Nf1 Ne7 12. d4 Ng6 13. Ng3 c6 14. Bd3 Re8 15. Be3 Bb8 16. Bc2 Bc7 17. a4 Qc8 18. Qd2 Kh7 19. Rad1 b5 20. axb5 cxb5 21. Nf5 Ng8 22. g4 Nf8 23. Kh1 a4 24. N3h4 Bb3 25. Bxb3 {1-0 Buksa,N (2383)-Berend,E (2256) TCh-FRA Top 12 w GpB 2024 (5.1)}) 11. Nh4 $146 ({RR} 11. Nf1 Ne7 12. d4 Bb6 13. Ng3 c6 14. Bd3 Re8 15. Be3 Bc7 16. Qc1 Ng6 17. c4 Qd8 18. b3 Bd7 19. Qc2 Qe7 20. Rad1 c5 21. dxc5 dxc5 22. Nf5 Qf8 23. Bf1 Bc6 24. Bc1 Nf4 25. Bb2 g6 {½-½ Fedorov,A (2523)-Rajesh,V (2358) Madurai Athens of the East op 2nd 2022 (4)}) ({RR} 11. Nf1 Qa7 12. Be3 Bxe3 13. Rxe3 Qb6 14. Ba4 Ne7 15. Qc1 Ng6 16. d4 c6 17. dxe5 dxe5 18. N1d2 Rad8 19. Bb3 Rfe8 20. Qc2 Qc7 21. a4 Nf4 22. Bxe6 Rxe6 23. Nc4 Ree8 24. Kh2 Nd7 25. g3 Ng6 {½-½ Stojkovska,M (2106)-Georgescu,L (2276) Online Olym Div2 C rapid 2020 (5.3)}) 11... Ne7 12. Bc4 b5 13. Bxe6 fxe6 14. Nf1 a4 15. d4 exd4 16. cxd4 Bb6 17. Ng3 Qe8 18. Be3 Ng6 19. Nf3 Ba5 20. Bd2 Bb6 21. Rc1 e5 22. Be3 Ba5 23. Re2 Nd7 24. Rec2 Kh7 25. Nf5 Rf7 26. Ng5+ Kg8 27. Nxf7 Qxf7 28. Bxh6 Ne7 29. Nxe7+ Qxe7 30. Be3 Nf6 31. dxe5 Qxe5 32. Bd4 Qxe4 33. Bxf6 gxf6 34. Qh5 Qe5 35. Qg6+ Kh8 36. Rxc7 1-0

[Event "45th Olympiad 2024"]
[Site "Budapest HUN"]
[Date "2024.09.13"]
[Round "3.25"]
[Board "2"]
[White "Karimov, Alisher"]
[Black "Siddharth, Jagadeesh"]
[Result "1-0"]
[WhiteElo "2240"]
[BlackElo "2514"]
[PlyCount "135"]
[EventDate "2024.09.11"]
[WhiteTeam "Tajikistan"]
[BlackTeam "Singapore"]
[WhiteTeamCountry "TJK"]
[BlackTeamCountry "SIN"]

1. d4 {Ribli,Zoltan} g6 2. c4 Bg7 3. Nf3 d6 4. Nc3 c5 5. dxc5 ({RR} 5. d5 Bxc3+ 6. bxc3 f5 ({RR} 6... Qa5 7. Qb3 Nf6 8. Nd2 Nbd7 9. e4 Rb8 10. a4 a6 11. Qc2 e5 12. Be2 O-O 13. Ra3 Ne8 14. Nf1 f5 15. Bh6 Ng7 16. exf5 Rxf5 17. Ng3) 7. h4 Nf6 ({RR} 7... Qa5 8. Bd2 Nf6 9. h5 Nxh5 10. Rxh5 gxh5 11. e4 Nd7 12. exf5 Nf6 13. Bd3 Bd7 14. Ng5 Rg8 15. Nxh7 O-O-O) 8. Bh6 Rg8 9. e3 Qa5 10. Qc2 Nbd7 11. Bd3 Nb6 12. Nd2 Na4 13. Rc1 Bd7 14. O-O Ng4 15. Bf4 O-O-O 16. f3 Ne5 17. Be2 Nf7 18. Bg3 e5 19. dxe6 Bxe6) ({RR} 5. e4) 5... Bxc3+ ({RR} 5... dxc5 6. Qxd8+ Kxd8 7. Bd2 ({RR} 7. Bf4 Bxc3+ 8. bxc3 Nc6 9. g3 Be6 10. Bg2 Na5 11. Rd1+ Ke8 12. Bc7 b6 13. Ng5 Rc8 14. Be5 Nf6 15. Ne4 Nxe4 16. Bxh8 Nd6) 7... Bd7 8. g3 Nc6 9. Bg2 Rc8 10. O-O b6 11. Rfd1 Ke8 12. Rac1 Nd4 13. Nxd4 cxd4 14. Nd5 e6 15. Nb4 Ne7 16. b3) 6. bxc3 dxc5 7. Qxd8+ ({RR} 7. Qc2 Nc6 8. h3 e5 9. e4 Qe7 10. Be3 b6 11. Be2 Bb7 12. Rd1 Nf6 13. Bg5 Na5 14. O-O h6 15. Bh4 g5 16. Bg3 Bxe4 17. Qc1 Bxf3 18. Bxf3 e4 19. Rfe1 Rd8) 7... Kxd8 8. Ne5 ({RR} 8. Ng5 Ke8 9. g3 Bd7 10. Bg2 Bc6 11. Bd5 e6 12. Bxc6+ Nxc6 13. Ne4 b6 14. Bg5 h6 15. Be3 Rd8 16. Rd1 f5 17. Rxd8+ Kxd8 18. Nd2 Nf6 19. f3 e5 20. Kd1 Ke7 21. Kc2 Ne8 22. h4 Nd6 {0-1 Holt,C (2540)-Hong,A (2572) Titled Tue 13th Aug Late 2024 (8)}) 8... Be6 9. g3 Nd7 ({RR} 9... f6 10. Bg2 Kc7 ({RR} 10... Kc8 11. Rb1) 11. Rb1) 10. Nxd7 ({RR} 10. Bf4 Nxe5 11. Bxe5 f6) 10... Bxd7 $146 ({RR} 10... Kxd7 11. Bg2 Bxc4 ({RR} 11... Bxc4) 12. Rb1 Ba6 13. Be3 Nf6 14. Bxb7 Bxb7 15. Rxb7+ Kd6 16. O-O Nd5 17. c4 Kc6 18. Rfb1 Nxe3 19. fxe3 Rhe8 20. a4 f5 21. a5 h5 22. Kf2 g5 23. e4 f4 24. gxf4 gxf4 25. e5 {1-0 Lenderman,A (2573)-Leskovar,M (2292) PRO League Stage rapid 2017 (7)}) ({RR} 10... Kxd7 11. Bg2 Nf6 12. Rb1 ({RR} 12. Bxb7 Rab8 ({RR} 12... Bxc4 13. Bxa8 Rxa8) 13. Ba6 Ne4) 12... b6 ({RR} 12... Rab8 13. Bf4) 13. Bxa8 Rxa8 14. f3 Ne8 15. Bf4 Bxc4 16. Rb2 Kc6 17. Rd2 ({RR} 17. Kf2 Nd6) 17... Nd6 18. Bxd6 ({RR} 18. Kf2) 18... exd6 19. Kf2 ({RR} 19. e4 f5 20. exf5 gxf5) 19... d5 20. e4 dxe4 21. fxe4 Re8 22. Re1 Be6 23. Kf3 ({RR} 23. Rb2 Rd8 24. Ree2) ({RR} 23. Rb1 Bg4 24. Re1 Kb5) 23... Kb5 24. Kf4 Kc4 25. Re3 {0-1 Bacrot,E (2594)-Topalov,V (2702) Sarajevo Bosnia 30th 2000 (7)} {RR} f6 26. Red3 ({RR} 26. e5 g5+ 27. Kf3 fxe5) 26... g5+ 27. Kf3 f5) ({RR} 10... Kxd7 11. Bg2 Bxc4 12. Rb1 Ba6 13. Be3 Rc8 14. Bxb7 Bxb7 15. Rxb7+ Rc7 16. Rb8 Rc8 17. Rxc8 Kxc8 18. Bxc5 Nf6 19. Bxe7 Nd5 20. Bc5 Kd7 21. Kd2 Rb8 22. Kc2 Rb5 23. Bd4 Ra5 24. Ra1 Kc6 25. a4 {1-0 Ulybin,M (2576)-Belkhodja,S (2506) Dubai op 2002 (7)}) 11. Bg2 Bc6 12. Bxc6 bxc6 13. Be3 Nf6 14. Bxc5 Ne4 15. Be3 f6 16. O-O-O+ Kc7 17. Rd3 Rhd8 18. Rhd1 Rxd3 19. exd3 Nxc3 20. Re1 Nxa2+ 21. Kb2 Nb4 22. Kc3 a5 23. Bc5 e5 24. f4 Rd8 25. Re3 Na6 26. Be7 Rd7 27. Bxf6 exf4 28. Be5+ Kb7 29. Bxf4 c5 30. Re6 Nb4 31. Rd6 Kc8 32. d4 cxd4+ 33. Kxd4 Nc2+ 34. Kc3 Rxd6 35. Bxd6 Ne3 36. Bf4 Ng4 37. h4 Kd7 38. Kd4 Kc6 39. Bg5 a4 40. Kc3 Nf2 41. Kb4 Ne4 42. Bf4 h6 43. Bxh6 Nxg3 44. Kxa4 Kc5 45. Kb3 Nf5 46. Bg5 Nd4+ 47. Kc3 Nf5 48. Kd3 Kb4 49. Bd2+ Kc5 50. Be3+ Kd6 51. Bf2 Kc6 52. Ke4 Nd6+ 53. Kd4 Nf5+ 54. Kd3 Nd6 55. Kd4 Nf5+ 56. Ke4 Nd6+ 57. Ke5 Nxc4+ 58. Kf6 Kd7 59. Kxg6 Ne5+ 60. Kf5 Nf3 61. h5 Ke7 62. Kg6 Ne5+ 63. Kg7 Ng4 64. Bd4 Ke8 65. Kg6 Kf8 66. Kg5 Nh2 67. h6 Nf3+ 68. Kg6 1-0

[Event "45th Olympiad 2024"]
[Site "Budapest HUN"]
[Date "2024.09.13"]
[Round "3.26"]
[Board "3"]
[White "Jimenez Jimenez, Leandro"]
[Black "Heimisson, Hilmir Freyr"]
[Result "0-1"]
[WhiteElo "2188"]
[BlackElo "2391"]
[PlyCount "84"]
[EventDate "2024.09.11"]
[WhiteTeam "Dominican Republic"]
[BlackTeam "Iceland"]
[WhiteTeamCountry "DOM"]
[BlackTeamCountry "ISL"]

1. d4 {Marchand,A/Primel,D} e6 2. c4 Nf6 3. g3 c5 4. Nf3 cxd4 5. Nxd4 d5 6. Bg2 e5 7. Nf3 ({RR} 7. Nb3 d4 ({RR} 7... dxc4 8. Qxd8+ Kxd8 9. Na5)) ({RR} 7. Nc2 d4 8. f4 Nc6 9. Bxc6+ bxc6 10. fxe5 Qa5+ 11. Qd2 Qxe5 12. Qxd4 Qh5 13. Qe3+ Be6 14. b3 Bd6 15. Ba3 Be5 ({RR} 15... Bxa3 16. Nbxa3 O-O 17. O-O-O a5)) 7... d4 8. O-O Nc6 9. e3 Be7 ({RR} 9... Bc5 10. exd4 exd4 11. Re1+) 10. exd4 exd4 11. b3 ({RR} 11. a3 a5 ({RR} 11... Be6 12. b3 Qd7) 12. Re1 ({RR} 12. Nbd2 Be6 13. b3 O-O 14. Bb2 Qd7 15. Re1 Rad8 16. Ng5 Bg4 17. Bf3 Bf5 18. Bg2 d3 19. Bxc6 bxc6 20. Ngf3 Bc5 21. Ne5 Qc8 22. Qf3 Ng4 23. Nxg4 Bxg4 24. Qf4 f6 25. Bc3 g5 26. Qe4 Rfe8) ({RR} 12. b3 O-O 13. Bb2) 12... O-O 13. Bf4 ({RR} 13. b3 Re8) 13... Qb6 ({RR} 13... Bg4) ({RR} 13... Re8 14. Nbd2 Qb6) 14. Nbd2 Be6 ({RR} 14... Qxb2 15. Ne5 Nxe5 16. Bxe5 Rd8 ({RR} 16... Bg4) 17. Ne4 Nxe4 18. Bxe4) ({RR} 14... Bg4 15. h3) ({RR} 14... d3 15. Qb3 ({RR} 15. Qc1 Bc5) ({RR} 15. Ne5 Nxe5 16. Rxe5 Bc5 17. Ne4 Nxe4 18. Bxe4 Bxf2+ 19. Kg2 Qxb2 20. Rb1 Qa2 21. Qb3 Qxb3 22. Rxb3 Bd4 23. Rd5 Bf6 24. Rdxd3 Re8 ({RR} 24... a4 25. Rb4) 25. Bxb7 Bxb7+ 26. Rxb7 Re2+ 27. Kh3 g5) 15... Qxb3 16. Nxb3 a4 17. Nbd4 Nxd4 18. Nxd4 Bc5 19. Nb5 Ng4 20. Rf1 Re8 21. Nc7 Re2 22. Nxa8 Nxf2 23. Rfe1 Nh3+ 24. Kh1 Nf2+ 25. Kg1 Nh3+) 15. Ng5 Bg4 16. Qb3 Qa7 17. h3 ({RR} 17. Nge4 a4 18. Nxf6+ Bxf6 19. Qd3 Rfe8 20. Ne4) 17... Bh5 18. Bc7 ({RR} 18. Nge4 Nxe4 19. Nxe4 Bg6 ({RR} 19... Rfe8 20. c5 h6 ({RR} 20... Bxc5 21. Nxc5 Qxc5 22. Qxb7) 21. Nd6) 20. Nd6) 18... Rae8 ({RR} 18... a4 19. Qb5 ({RR} 19. Qd3 Bg6) ({RR} 19. Qc2 Bg6) 19... d3 ({RR} 19... Rfe8 20. Bb6 ({RR} 20. Bxc6 bxc6 21. Qxc6 Rac8) 20... Qa6 21. Qxa6 Rxa6 22. Bxc6 bxc6 23. Bxd4) 20. Bb6 Qa6) ({RR} 18... Rfe8) 19. Nge4 Nxe4 20. Nxe4 Bg6 21. Nd6 Bxd6 22. Bxd6 Rxe1+ 23. Rxe1 Rc8 24. c5 h6 25. Qc4 Qa8 {1-0 Fridman,D (2661)-Vocaturo,D (2564) EU-ch 12th Aix les Bains 2011 (7)}) ({RR} 11. Bf4) 11... Bg4 $146 ({RR} 11... O-O 12. Bb2 Bc5 13. a3 a5 14. h3 Re8 15. Qd3 Be6 16. Ng5 Ne5 17. Qd1 Bf5 18. Nd2 Nd3 19. Bc1 h6 20. Ngf3 Qd7 21. Kh2 Nxc1 22. Qxc1 Re2 23. Ng1 Re7 24. b4 axb4 25. Nb3 Qd6 26. axb4 {½-½ Hagenstein,F (2194)-Westphal,B (2143) Oberliga Nord N 0405 2004 (8.4)}) ({RR} 11... O-O 12. Bb2 Bc5 13. a3 a5 14. b4 Qb6 15. b5 a4 16. Nbd2 Ne7 17. Ng5 Bg4 18. Bf3 Bxf3 19. Qxf3 Ng6 20. Rae1 Rae8 21. Rxe8 Rxe8 22. Nde4 h6 23. Nxf6+ Qxf6 24. Qxf6 gxf6 25. Nf3 Ne5 26. Kg2 {0-1 Mayrhuber,N (2009)-Zhukenov,A (2214) Paracin Prestige Open 2024 (3.15)}) ({RR} 11... O-O 12. Bb2 d3 13. Nc3 h6 14. Re1 Bf5 15. Ne5 Nxe5 16. Rxe5 Bg6 17. Nd5 Nxd5 18. Rxd5 Qc8 19. Qd2 Rd8 20. Re1 Bf8 21. Rxd8 Qxd8 22. Bxb7 Rb8 23. Bd5 a5 24. Bc3 Bb4 25. Bxb4 axb4 26. Re3 {½-½ Jimenez Jimenez,L (2151)-Makridis,D (2356) Titled Tue 4th Apr Late 2023 (5)}) ({RR} 11... O-O 12. Bb2 Bc5 13. a3 a5 14. Nbd2 Bf5 15. Ne1 Re8 16. Ndf3 Qd6 17. Nd3 Rad8 18. Re1 Rxe1+ 19. Nfxe1 Ne4 20. Qf3 Bg6 21. Nxc5 Nxc5 22. b4 axb4 23. axb4 Nxb4 24. Qg4 d3 25. Rd1 Nb3 26. Bxb7 {0-1 Stein,M (2105)-Meier,G (2372) Bad Zwesten op 9th 2005 (2)}) 12. h3 Bh5 13. Bb2 Qb6 14. g4 Bg6 15. Bxd4 Nxd4 16. Qxd4 Qxd4 17. Nxd4 O-O-O 18. Nf5 Bxf5 19. gxf5 Rd3 20. Rc1 Bc5 21. a4 Rhd8 22. Bf1 Rxb3 23. Ra2 Ne4 24. Bg2 Nxf2 25. Kh2 Bd6+ 26. Kg1 Nd3 27. Rf1 Nf4 28. Nd2 Re3 29. Ne4 Bc7 30. Bf3 Nxh3+ 31. Kh1 Rd4 32. Nc5 b6 33. Ne4 Rdxe4 34. Bxe4 Rxe4 35. Rg2 Be5 36. Rc2 Ng5 37. Kg2 Rg4+ 38. Kf2 h5 39. Re2 f6 40. a5 bxa5 41. Rc1 h4 42. c5 h3 0-1

[Event "45th Olympiad 2024"]
[Site "Budapest HUN"]
[Date "2024.09.13"]
[Round "3.27"]
[Board "1"]
[White "Henriquez Villagra, Cristobal"]
[Black "Johnson, Joshua"]
[Result "1-0"]
[WhiteElo "2604"]
[BlackElo "2267"]
[PlyCount "60"]
[EventDate "2024.09.11"]
[WhiteTeam "Chile"]
[BlackTeam "Trinidad & Tobago"]
[WhiteTeamCountry "CHI"]

1. Nf3 d5 2. g3 Bg4 3. Bg2 c6 4. O-O Nf6 5. h3 Bh5 6. d4 e6 7. c4 Be7 8. Nc3 h6 $146 ({RR} 8... O-O 9. g4 Bg6 10. Ne5 Nbd7 11. Nxg6 hxg6 12. b3 Qa5 13. Bd2 Qc7 14. Rc1 Nb6 15. c5 Nbd7 16. e3 b6 17. cxb6 axb6 18. a4 Rac8 19. b4 Qb7 20. b5 cxb5 21. axb5 Rc7 22. g5 Ne8 23. e4 {½-½ Friedel,J (2536)-Mulyar,M (2395) US Open-118 Norfolk 2017 (9)}) ({RR} 8... O-O 9. Ne5 Nfd7 10. cxd5 Nxe5 11. dxe5 exd5 12. g4 Bg6 13. f4 f5 14. Be3 Na6 15. Rc1 Kh8 16. Nxd5 cxd5 17. Qxd5 b6 18. Qxa8 Qxa8 19. Bxa8 Rxa8 20. Rfd1 Kg8 21. e6 Bc5 22. Rc3 Re8 23. Rd5 {1-0 Carlsen,M (2864)-Le,Q (2728) Miami FTX Crypto Cup rapid 2022 (4.3)}) ({RR} 8... O-O 9. cxd5 cxd5 10. Qb3 Qb6 11. Qxb6 axb6 12. Bf4 Nc6 13. Rfd1 Rfc8 14. Ne5 Bb4 15. g4 Bg6 16. Nxg6 hxg6 17. Nb5 Ra5 18. Nd6 Bxd6 19. Bxd6 Ne4 20. Bf4 g5 21. Be3 f6 22. a3 Nd6 23. Bd2 {1-0 Fiorito,F (2406)-Grischuk,A (2708) Titled Tue 2nd Jul Late 2024 (2)}) 9. Ne5 Nfd7 10. Nd3 Bg6 11. Nf4 Bh7 12. cxd5 cxd5 13. e4 dxe4 14. d5 exd5 15. Nfxd5 O-O 16. Bf4 Nc6 17. Nxe7+ Nxe7 18. Nxe4 Ng6 19. Be3 b6 20. Bxh6 Nge5 21. Bg5 f6 22. Bf4 Rc8 23. Nd6 Rc2 24. Qd5+ Kh8 25. Rad1 Qc7 26. b4 Bg8 27. Qe4 Bh7 28. Qd4 Nc6 29. Qd5 Nde5 30. a3 Rc3 1-0

[Event "45th Olympiad 2024"]
[Site "Budapest HUN"]
[Date "2024.09.13"]
[Round "3.27"]
[Board "2"]
[White "Cabralis, Quinn"]
[Black "Vasquez Schroeder, Rodrigo"]
[Result "0-1"]
[WhiteElo "2169"]
[BlackElo "2457"]
[PlyCount "100"]
[EventDate "2024.09.11"]
[WhiteTeam "Trinidad & Tobago"]
[BlackTeam "Chile"]
[BlackTeamCountry "CHI"]

1. e4 c6 2. d4 d5 3. e5 Bf5 4. h4 Qb6 5. a4 a5 ({RR} 5... h6 6. g4 Bd7 7. a5 Qc7 8. c4 e6 9. c5 h5 10. gxh5 Nh6 11. Bg5 Na6 12. Nf3 Nf5 13. Nc3 Rxh5 14. Bd3 Nxd4 15. Nxd4 Qxe5+ 16. Be2 Bxc5 17. Be3 Rh8 18. Nf3 Qc7 19. Bxc5 Nxc5 20. b4 {1-0 Morozevich,A (2711)-Hovhannisyan,R (2599) Nezhmetdinov Memorial rapid 37th 2015 (6)}) 6. h5 h6 7. g4 ({RR} 7. c3 c5 8. Na3 e6 9. Nb5 Nc6 10. Bd3 Bxd3 11. Qxd3 cxd4 12. cxd4 Rc8 13. Ne2 Nb4 14. Qb1 Nc2+ 15. Kf1 Nxa1 16. Qxa1 Bb4 17. Be3 Ne7 18. g4 Rc2 19. Qd1 Qc6 20. Nf4 Rxb2 21. Kg2 Qc2 {0-1 Krzywda,A (2208)-Pershin,D (2358) Titled Tue 6th Aug Late 2024 (6)}) 7... Bd7 8. c3 $146 ({RR} 8. f4 c5 9. dxc5 Qb4+ 10. Kf2 e6 11. Nc3 Bxc5+ 12. Kg3 Qb6 13. Nf3 Ne7 14. Nb5 Nbc6 15. c3 f6 16. Bd3 fxe5 17. fxe5 Rf8 18. Qe2 O-O-O 19. Bd2 Nxe5 20. Nxe5 Rf2 21. Qe1 Bxb5 22. Bxb5 Rdf8 {0-1 Nestorovic,N (2449)-Radivojevic,I (2356) SRB-chT Kragujevac 2015 (5.2)}) ({RR} 8. f4 e6 9. Nf3 c5 10. c3 Nc6 11. Na3 cxd4 12. cxd4 Bb4+ 13. Kf2 Nge7 14. Nb5 Na7 15. Nxa7 Rxa7 16. Be3 Ra8 17. Bd3 Nc6 18. Rc1 Be7 19. b3 Nb4 20. Bb1 Qd8 21. g5 Rb8 22. Qd2 Nc6 {1-0 Sanchez Aller,F (2337)-Abelleira Gonzalez,D (1838) Galicia-ch Padron 2021 (6)}) 8... e6 9. Na3 c5 10. Nf3 cxd4 11. Nxd4 Nc6 12. Nab5 Bc5 13. Be3 Nxe5 14. b4 axb4 15. a5 Qd8 16. Nxe6 fxe6 17. Bxc5 Bxb5 18. Bxb5+ Kf7 19. cxb4 Nf6 20. Qe2 Qc7 21. Bd4 Nexg4 22. Qf3 Qd6 23. Rb1 e5 24. Bc5 Qe6 25. Rg1 g6 26. hxg6+ Kg7 27. Qh3 Qf5 28. Rb3 b6 29. Bxb6 Rhc8 30. Kf1 d4 31. Rf3 Qxf3 32. Qxf3 Nh2+ 33. Kg2 Nxf3 34. Kxf3 Rc3+ 35. Ke2 Nd5 36. Ra1 Nxb4 37. Rb1 Nd5 38. Bd7 Rb8 39. Rb5 Nxb6 40. axb6 Rb7 41. Bf5 Rc6 42. Rxe5 Rcxb6 43. Be4 Rd7 44. Bd3 Rb3 45. f4 Ra7 46. f5 Ra2+ 47. Kf1 Rxd3 48. Re7+ Kf6 49. Rf7+ Kg5 50. Ke1 Rh3 0-1

[Event "45th Olympiad 2024"]
[Site "Budapest HUN"]
[Date "2024.09.13"]
[Round "3.27"]
[Board "3"]
[White "Lopez Silva, Hugo"]
[Black "Cupid, Kevin"]
[Result "1-0"]
[WhiteElo "2379"]
[BlackElo "2201"]
[PlyCount "87"]
[EventDate "2024.09.11"]
[WhiteTeam "Chile"]
[BlackTeam "Trinidad & Tobago"]
[WhiteTeamCountry "CHI"]

1. e4 c6 2. d4 d5 3. exd5 cxd5 4. c4 Nf6 5. Nc3 g6 6. Qb3 Bg7 7. cxd5 O-O 8. Be2 Nbd7 9. Bf3 Nb6 10. Nge2 Bg4 11. Bxg4 Nxg4 12. a4 Nf6 13. Nf4 g5 14. Nfe2 h6 15. h4 g4 16. Nf4 a5 17. O-O Rc8 $146 ({RR} 17... Qd6 18. Re1 Qb4 19. Qd1 Qd6 20. Ne4 Nxe4 21. Rxe4 Nxd5 22. Nxd5 Qxd5 23. Rxg4 Kh7 24. Ra3 f5 25. Rgg3 Qxd4 26. Qh5 Ra6 27. Rab3 f4 28. Rgd3 Qxa4 29. Rxb7 Qc6 30. Rxe7 Qxc1+ 31. Kh2 Qxb2 32. Rdd7 {0-1 Schmidt,G (2306)-Velicka,P (2373) Oberliga Bayern 0405 2004 (8.1)}) ({RR} 17... Qd6 18. Nb5 Qd7 19. d6 exd6 20. Nc3 Ra6 21. Be3 Rc8 22. Rac1 g3 23. Nb5 gxf2+ 24. Bxf2 d5 25. Nd3 Nc4 26. Ne5 Qe6 27. Rfe1 Nxe5 28. Rxc8+ Qxc8 29. dxe5 Ng4 30. Qxd5 Nxf2 31. Kxf2 Qc2+ 32. Kg1 {½-½ Zakhartsov,V (2538)-Rumiantsev,A (2307) Chigorin Memorial 12th 2004 (4)}) 18. Bd2 Nc4 19. Rad1 Qd6 20. Bc1 Qb4 21. Qa2 Nd6 22. Rfe1 Nf5 23. Nb5 g3 24. f3 Nxd4 25. Bd2 Qb3 26. Qxb3 Nxb3 27. Bc3 Rc4 28. Ne2 Rd8 29. d6 exd6 30. Nxd6 Rc7 31. Nf5 Rxd1 32. Rxd1 Nh5 33. Nxg7 Nxg7 34. Rd8+ Kh7 35. Nxg3 Ne6 36. Rh8+ Kg6 37. Rg8+ Kh7 38. Rh8+ Kg6 39. h5+ Kg5 40. Rg8+ Kf4 41. Kf2 Ng5 42. Re8 Ne6 43. Ne2+ Kg5 44. Rg8+ 1-0

[Event "45th Olympiad 2024"]
[Site "Budapest HUN"]
[Date "2024.09.13"]
[Round "3.27"]
[Board "4"]
[White "Mc Intosh, Isaiah"]
[Black "Marrujo Pardo, Mauricio Emmanuel"]
[Result "0-1"]
[WhiteElo "2249"]
[BlackElo "2332"]
[PlyCount "88"]
[EventDate "2024.09.11"]
[WhiteTeam "Trinidad & Tobago"]
[BlackTeam "Chile"]
[BlackTeamCountry "CHI"]

1. d4 Nf6 2. c4 e6 3. Nf3 d5 4. g3 Be7 5. Bg2 O-O 6. O-O dxc4 7. Qc2 b5 8. a4 b4 9. Nfd2 c6 10. Nxc4 Qxd4 11. Be3 Qd8 12. Nbd2 ({RR} 12. Rd1 Nd5 13. Nbd2 Nxe3 14. Nxe3 Qc7 15. Nb3 Bb7 16. Rac1 a5 17. Nc5 Rd8 18. Rxd8+ Bxd8 19. Nxb7 Qxb7 20. Bxc6 Nxc6 21. Qxc6 Qa7 22. Qe8# {1-0 King,A (2263)-Victor,J (2304) Titled Tue 16th Apr Early 2024 (2)}) 12... Nd5 13. Nb3 Ba6 14. Rfd1 $146 ({RR} 14. Bd4 Nd7 15. Nca5 c5 16. Nc6 Qe8 17. Nxc5 Bxc5 18. Bxc5 b3 19. Qc1 Nxc5 20. Qxc5 Kh8 21. Qd6 Qc8 22. Bf3 Qb7 23. Na5 Qb6 24. Qxb6 axb6 25. Nxb3 Rfc8 26. Bxd5 exd5 27. Nd4 Rc4 28. Rfd1 g6 {1-0 Rydl,J (2422)-Nayhebaver,M (2481) CZE-chT 1920 2019 (2.2)}) ({RR} 14. Bd4 Nd7 15. e4 N5b6 16. Nbd2 c5 17. Be3 Rc8 18. Rfd1 Qc7 19. a5 Nxc4 20. Nxc4 Bxc4 21. Qxc4 Ne5 22. Qa6 Rfd8 23. b3 h6 24. h3 Nc6 25. Qb5 Nd4 26. Qc4 Bf6 27. Rab1 Qd6 28. Kh2 Qc7 {1-0 Ronka,E (2310)-Tarasenka,A (2124) Titled Tuesday intern op 02nd Nov blitz 2021 (3)}) 14... Qc7 15. Bc5 Nd7 16. Bxe7 Nxe7 17. Rac1 Rfd8 18. Nd6 Ne5 19. Nb5 Qb6 20. N5d4 Nc4 21. e3 Rac8 22. Bf1 c5 23. Nf3 Rxd1 24. Rxd1 Na5 25. Bxa6 Qxa6 26. Qxc5 Nd5 27. Qxa5 Qe2 28. Re1 Qxf3 29. Nd4 Qe4 30. Qxa7 h5 31. Qa6 Rc7 32. Qe2 e5 33. Qf3 Nf6 34. Qxe4 Nxe4 35. Nb5 Rc2 36. f4 Rxb2 37. fxe5 b3 38. Nd4 Nc5 39. Rc1 Nxa4 40. Nxb3 Rxb3 41. Rc4 Nc3 42. Kf2 Nd1+ 43. Ke2 Nxe3 44. Re4 Nf5 0-1

[Event "45th Olympiad 2024"]
[Site "Budapest HUN"]
[Date "2024.09.13"]
[Round "3.28"]
[Board "1"]
[White "El Jawich, Amro"]
[Black "Fawzy, Adham"]
[Result "0-1"]
[WhiteElo "2296"]
[BlackElo "2507"]
[PlyCount "80"]
[EventDate "2024.09.11"]
[WhiteTeam "Lebanon"]
[BlackTeam "Egypt"]
[WhiteTeamCountry "LBN"]
[BlackTeamCountry "EGY"]

1. e4 c5 2. Nf3 Nc6 3. Bc4 e6 4. O-O Nf6 5. Re1 Nxe4 6. Rxe4 d5 7. Bxd5 Qxd5 8. Nc3 Qd7 9. d4 cxd4 10. Nxd4 Be7 ({RR} 10... Bc5 11. Be3 Bxd4 12. Bxd4 O-O 13. Be3 {½-½ Yu Yangyi (2703)-Andreikin,D (2729) FIDE World Bl Team Final 2024 (2.3)}) 11. Bf4 $146 ({RR} 11. Be3 O-O 12. Qh5 f5 13. Nxc6 fxe4 14. Ne5 Qe8 15. Qg4 Bf6 16. Qxe4 Bd7 17. Bc5 Bxe5 18. Qxe5 Rf5 19. Qe3 Bc6 20. Ne2 Rd8 21. Ng3 Rfd5 22. h3 Qg6 23. Re1 Rd1 24. Kh2 Rxe1 25. Qxe1 Rd5 {1-0 Pinheiro,I (2320)-Bas Mas,J (2241) Titled Tue 29th Nov Late 2022 (10)}) ({RR} 11. Nxc6 Qxc6 12. Rg4 Bf6 13. Ne4 e5 14. Nxf6+ Qxf6 15. Re4 Bf5 16. Re3 O-O 17. Qe2 Rac8 18. c3 Rfd8 19. h3 e4 20. Rg3 Rd3 21. Be3 Qd6 22. Qh5 Bg6 23. Qb5 b6 24. Qa4 Qc7 25. Re1 f5 {½-½ Bitoon,R (2439)-Branzuela,A (2209) Manila PGMA Cup 3rd 2008 (1)}) 11... O-O 12. Nb3 Qxd1+ 13. Rxd1 Rd8 14. Ree1 Rxd1 15. Rxd1 e5 16. Nd5 Bf8 17. Be3 Bf5 18. Rd2 Rd8 19. c4 Rc8 20. Bc5 b6 21. Bxf8 Kxf8 22. f4 Be6 23. Na1 exf4 24. Nc2 Rd8 25. Nd4 Nxd4 26. Rxd4 g5 27. Kf2 Bxd5 28. cxd5 Ke7 29. Kf3 f5 30. h4 h6 31. h5 Kd6 32. Rc4 Kxd5 33. Rc7 a5 34. Rf7 Ke6 35. Rh7 Rd2 36. b3 Rxa2 37. Rb7 Ke5 38. Re7+ Kd6 39. Rh7 Rb2 40. Rxh6+ Ke5 0-1